000
00339 a2200157 4500
001
16906
020
_a
9788506057681
040
_c
Anchieta - Bela Vista
240
1
0
_a
Michaelis
_l
por
245
1
0
_a
Michaelis
300
_a
952
362
0
_a
2010
440
1
_a
Melhoramentos
650
4
_a
Dicionários da lĂngua portuguesa
942
_c
BK
999
_c
16906
_d
16906